000 00662nam a22001817a 4500
003 UA-OsUOA
001 16596
007 ta
008 20040115b un ||||| |||| 00| 0 ukr d
100 _aПавлюк Н.
942 _cSA
040 _aUA-OsUOA
_cUA-OsUOA
_dUA-OsUOA
245 _aПереписано в Теслугові . 410 років тому [Єрмоген Теслугівський створив копію кн. "Апостол" Ф.Скорини .(Радивилів. р-н)]
300 _aС.3
955 _a0
773 0 _w0
_tПрапор перемоги
_dРадивилів
_d2003
_g№83/21 жовт./
650 7 _aІсторія
_2UDC
999 _c302761
_d302761